| 000 | 00589nam a22001937a 4500 | ||
|---|---|---|---|
| 005 | 20170531112213.0 | ||
| 010 | _aENG-118476 | ||
| 020 |
_a9788185990583 _c250.00 |
||
| 035 | _aEN-102008 | ||
| 037 | _bDBAD/PUB | ||
| 082 | _a270 | ||
| 245 |
_aThe Calcutta Quran petition / _ccompiled and edited by Sita Ram Goel |
||
| 260 |
_aNew Delhi _bVoice Of India _c2012 |
||
| 270 |
_a2/18,Ansari Road _bNew Delhi _e110002 |
||
| 300 |
_axvii,257p. _c22cm(pbk) |
||
| 500 | _aIncludes bibliographical references | ||
| 700 | _aGoel,Sita Ram | ||
| 942 |
_2ddc _cEN _mTHE _h270.5211014 |
||
| 999 |
_c140600 _d140600 |
||